000 00663nam a2200193Ia 4500
003 GCL
008 140319s9999 xx 000 0 ara d
040 _aGCL /
_cGCL
082 0 4 _a371.33
_bع م
100 1 _aعلى على حبيش
245 1 0 _aالموجة الثالثة وقضايا البقاء /
_cعلى على حبيش
260 _aالقاهرة :
_bمؤسسة الاهرام ،
_c2005
300 _a256 ص ؛
_c24 سم
490 _aكتاب الاهرام الاقتصادى
_v210
650 0 4 _aالتعليم
650 0 4 _aالتعليم - التنمية الاقتصادية
650 0 4 _aتكنولوجيا التعليم
942 _2ddc
_cBK
999 _c46991
_d46991